El Taller; una alternativa pedagógica innovadora para la formación de trabajadores sociales

Furkejuvvon:
Bibliográfalaš dieđut
Váldodahkki: Guzmán Stein, Laura
Materiálatiipa: Texto
Almmustuhtton: San José: Editorial Trabajo Social
Fáddágilkorat: Lasit fáddágilkoriid
Eai fáddágilkorat, Lasit vuosttaš fáddágilkora!

MARC

LEADER 00000 a a2200000 04500
001 15416
003
040
090 |a 016600  
100 |a Guzmán Stein, Laura  
245 |a El Taller; una alternativa pedagógica innovadora para la formación de trabajadores sociales  
260 |a San José:   |b Editorial Trabajo Social  
300 |a 80 p.  
999 |c 14879  |d 14879